The old English master clockmakers and their clock, 1670-1820 (Record no. 5535)

MARC details
000 -CABECERA
campo de control de longitud fija 00885nam a2200265 a 4500
001 - NÚMERO DE CONTROL
campo de control BRCA_5846
005 - FECHA Y HORA DE LA ÚLTIMA TRANSACCIÓN
campo de control 20190320205234.0
008 - DATOS DE LONGITUD FIJA--INFORMACIÓN GENERAL
campo de control de longitud fija 150311s1938----enkao#####---#000-0#eng-#
041 ## - CÓDIGO DE LENGUA
Código de lengua del texto/banda sonora o título independiente ebg
044 ## - CÓDIGO DEL PAÍS DE LA ENTIDAD EDITORA/PRODUCTORA
Código MARC del país enk
050 #4 - SIGNATURA TOPOGRÁFICA DE LA BIBLIOTECA DEL CONGRESO
Número de clasificación NK7495
Número de documento/Ítem .C47 1938
100 1# - ENTRADA PRINCIPAL--NOMBRE DE PERSONA
Nombre de persona Cescinsky, Herbert
9 (RLIN) 14805
245 10 - MENCIÓN DE TÍTULO
Título The old English master clockmakers and their clock, 1670-1820
Mención de responsabilidad, etc. Herbert Cescinsky.
260 ## - PUBLICACIÓN, DISTRIBUCIÓN, ETC.
Lugar de publicación, distribución, etc. Londres
Nombre del editor, distribuidor, etc. G. Routledge
Fecha de publicación, distribución, etc. 1938
300 ## - DESCRIPCIÓN FÍSICA
Extensión xii, 182 p.
Otras características físicas il., 275 fotografías
Dimensiones 25 cm.
500 ## - NOTA GENERAL
Nota general Incluye índice de creadores, índice alfabético y glosario
500 ## - NOTA GENERAL
Nota general La biblioteca cuenta con 2 ejemplares con el mismo número de inventario
500 ## - NOTA GENERAL
Nota general Estado físico: ejemplar 2 con camisa deteriorada
500 ## - NOTA GENERAL
Nota general G42
650 14 - PUNTO DE ACCESO ADICIONAL DE MATERIA--TÉRMINO DE MATERIA
Término de materia o nombre geográfico como elemento de entrada Relojes
Subdivisión geográfica Inglaterra
9 (RLIN) 14806
650 14 - PUNTO DE ACCESO ADICIONAL DE MATERIA--TÉRMINO DE MATERIA
Término de materia o nombre geográfico como elemento de entrada Relojes
Subdivisión general Historia
9 (RLIN) 14807
650 14 - PUNTO DE ACCESO ADICIONAL DE MATERIA--TÉRMINO DE MATERIA
Término de materia o nombre geográfico como elemento de entrada Relojeros
9 (RLIN) 2107
902 ## - CATALOGADOR
Iniciales GFM
942 ## - ELEMENTOS DE PUNTO DE ACCESO ADICIONAL (KOHA)
Fuente del sistema de clasificación o colocación Library of Congress Classification
Tipo de ítem Koha Libros
Holdings
Estado de retiro Estado de pérdida Estado dañado No para préstamo Localización permanente Ubicación/localización actual Fecha de adquisición Número de inventario Total de préstamos Signatura topográfica completa Código de barras Fecha visto por última vez Precio válido a partir de Tipo de ítem Koha
El ejemplar forma parte de la colección y puede ser consultado según las políticas vigentes.       Biblioteca del Museo Franz Mayer (Rogerio Casas-Alatriste) Biblioteca del Museo Franz Mayer (Rogerio Casas-Alatriste) 15/03/2011 G42   NK7495 .C47 1938 (G42) 6285 22/03/2019 22/03/2019 Libros